Welcome to CU Library Online Public Access Catalogue (OPAC)

Elementary physics, classical and modern / (Record no. 1109)

MARC details
000 -LEADER
fixed length control field 00698pam a2200217 i 4500
001 - CONTROL NUMBER
control field 2206321
005 - DATE AND TIME OF LATEST TRANSACTION
control field 20241113122038.0
008 - FIXED-LENGTH DATA ELEMENTS--GENERAL INFORMATION
fixed length control field 741121s1975 maua 001 0 eng
020 ## - INTERNATIONAL STANDARD BOOK NUMBER
International Standard Book Number 0205046479 :
Terms of availability $17.95
050 00 - LIBRARY OF CONGRESS CALL NUMBER
Classification number QC23
Item number .W414
082 00 - DEWEY DECIMAL CLASSIFICATION NUMBER
Classification number 530
100 1# - MAIN ENTRY--PERSONAL NAME
Personal name Weidner, Richard T.
245 10 - TITLE STATEMENT
Title Elementary physics, classical and modern /
Statement of responsibility, etc. Richard T. Weidner, Robert L. Sells ; with the assistance of Arthur E. Walters.
260 ## - PUBLICATION, DISTRIBUTION, ETC.
Place of publication, distribution, etc. Boston :
Name of publisher, distributor, etc. Allyn and Bacon,
Date of publication, distribution, etc. [1975]
300 ## - PHYSICAL DESCRIPTION
Extent xvi, 813 p. :
Other physical details ill., ;
Dimensions 25 cm.
500 ## - GENERAL NOTE
General note Includes index.
650 #0 - SUBJECT ADDED ENTRY--TOPICAL TERM
Topical term or geographic name entry element Physics.
700 1# - ADDED ENTRY--PERSONAL NAME
Personal name Sells, Robert L.,
Relator term joint author.
700 1# - ADDED ENTRY--PERSONAL NAME
Personal name Walters, Arthur E.,
Relator term joint author.
942 ## - ADDED ENTRY ELEMENTS (KOHA)
Source of classification or shelving scheme Library of Congress Classification
Koha item type Books
Suppress in OPAC No
999 ## -
-- 1109
-- 1109
Holdings
Withdrawn status Lost status Source of classification or shelving scheme Damaged status Not for loan Collection Home library Current library Shelving location Date acquired Total checkouts Full call number Barcode Date last seen Copy number Price effective from Koha item type
    Library of Congress Classification     Non-fiction Undergraduate Library (Christ Temple) Undergraduate Library (Christ Temple) General stacks 11/13/2024   QC23.W414 WEI ulct00000293 11/13/2024 1 11/13/2024 Books
© 2023-2024 Copyright: Central University Libraries. All Rights Reserved | Created by: Mahone Tech Office